| 000 | 00848nam a2200193 4500 | ||
|---|---|---|---|
| 999 |
_c8571 _d8571 |
||
| 001 | 22673 | ||
| 003 | BD-DhUAP | ||
| 005 | 20250420091957.0 | ||
| 008 | 250417b20232024bg |||| |||| 001 0aban d | ||
| 020 | _a9789843548887 | ||
| 040 |
_aBD-DhUAP _bBan _cBD-DhUAP _dBD-DhUAP |
||
| 082 |
_223 _a343.052 INC |
||
| 245 |
_aআয়কর বিধিমালা : _bআয়কর সম্পকিত অন্যান্য বিধিমালাসমূহ/ _c লাল বাহাদুর অধিকারী। |
||
| 260 |
_aঢাকা : _bসুপ্রীম প্রকাশনী, _c২০২৪। |
||
| 300 |
_a১৬৬ এ-১১২ পৃষ্ঠা ; _c ২২ সেমি.। |
||
| 650 | _aTaxes appellate tribunal (procedure) Rules | ||
| 700 | _a অধিকারী, লাল বাহাদুর। | ||
| 942 |
_2ddc _cBK |
||